000 00748nam a22002417a 4500
001 4725
003 FISKH
005 20240926102420.0
008 240926b cb ||||| |||| 00| 0 eng d
020 _a9781786170262
040 _aFISKH
_beng
_cFISKH
_dFISKH
050 _aPZ10.S38
082 _a823.8
100 _aSewell, Anna
245 _aBlack beauty /
_cAnna Sewell ; Illustrated by Chiara Fedele
260 _aEssex :
_bMiles Kelly,
_c2016 .
300 _a320 pages :
_bcolor illustrations ;
_c17 cm
520 _aA horse in nineteenth-century England recounts his experiences with both good and bad masters.
650 _aAnimals
_vYoung Adult
700 _aFedele, Chiara
_eIllustrator
942 _2ddc
_cBK
_n0
999 _c4725
_d4725